| 000 | 00400nam a22001577a 4500 | ||
|---|---|---|---|
| 005 | 20250917141340.0 | ||
| 008 | 250917b |||||||| |||| 00| 0 eng d | ||
| 020 | _a978-93-95215-02-2 | ||
| 041 | _aeng | ||
| 100 |
_aVERMA, DR SHIVANI _98700 |
||
| 245 | _aCRIMINOLOGY, PENOLOGY AND VICTIMOLOGY | ||
| 260 |
_aJAIPUR _bUNIVERSITY BOOK HOUSE PVT. LTD |
||
| 300 | _a662;P | ||
| 650 | _aLAW | ||
| 942 | _cBK | ||
| 999 |
_c8835 _d8833 |
||